Statistiques concernant Mots de la langue française se terminant par "gout"

Cliquez ici pour prendre le quiz!

Statistiques générales

  • Ce quiz a été pris 124 fois
  • Le résultat moyen est 4 sur 5

Statistiques - réponses

IndiceMot% Correct
préparation culinaireragoût
95%
nauséedégoût
94%
canalisationégout
94%
sensgout
90%
facilité de parolesbagout
70%

Distribution des résultats

Percentile par nombre de réponses

% des personnes avec chaque résultat

Votre développement - résultats

Vous n’avez pas pris ce quiz